000 00569nam a22002417a 4500
003 UA-OsUOA
001 50301
007 ta
008 20071114b un ||||| |||| 00| 0 ukr d
100 _aКрим А.
090 _a82-2
942 _cBK
040 _aUA-OsUOA
_brus
_cUA-OsUOA
_dUA-OsUOA
245 _aПьеси
300 _a580 с.
955 _a2
041 _arus
080 _a82-2
020 _a966-651-299-8
260 _aК.
_bФеныкс
_c2006
650 7 _a82 Література. Літературознавство
_2UDC
999 _c336401
_d336401